| 000 | 01179naa a22002177a 4500 | ||
|---|---|---|---|
| 001 | 8063 | ||
| 003 | KOSZ 005 | ||
| 005 | 20180502102212.0 | ||
| 008 | 170315b1998 Pl ||||| |||| 10| 0 pol | ||
| 040 |
_cBPK _dKOSZ 005/EG |
||
| 100 | 1 |
_aGULBIŃSKI, Witold. _d1996 - . _bPolitechnika Koszalińska - Wydział Mechaniczny, _cKatedra Fizyki |
|
| 245 | 1 | 0 |
_aZastosowanie optycznej spektroskopii emisyjnej do kontroli procesu magnetronowego nanoszenia cienkich warstw TiN / _cW. Gulbiński, R. Kazimierowicz, J. Staśkiewicz, B. Warcholiński. |
| 650 | 0 | _aSpektroskopia. | |
| 655 | 0 | _aMateriały konferencyjne. | |
| 700 | 1 |
_aKAZIMIEROWICZ, Ryszard. _bPolitechnika Koszalińska - Wydział Mechaniczny, _cKatedra Fizyki |
|
| 700 | 1 |
_aSTAŚKIEWICZ, Jan. _d1973 - . _bPolitechnika Koszalińska - Wydział Mechaniczny, _cKatedra Fizyki |
|
| 700 | 1 |
_aWARCHOLIŃSKI, Bogdan. _d1996 - . _bPolitechnika Koszalińska - Wydział Mechaniczny, _cKatedra Fizyki |
|
| 711 | 2 | 2 |
_aSzkoła Letnia Mielno'98 _n(10 ; _d1998 ; _cMielno, Polska). |
| 773 | 0 |
_iW : _t10 th International Summer School, Modern Plasma and Surface Technology. - _g1998, s. 185-190 |
|
| 942 |
_cROZ _2UKD |
||
| 999 |
_c8063 _d8063 |
||